Criminal law
| Main Author: | |
|---|---|
| Format: | Book |
| Published: |
Kuala Lumpur :
Leeds Pub. ,
[1996]
|
| Subjects: |
MARC
| LEADER | 00000cam a2200000 7i4500 | ||
|---|---|---|---|
| 001 | 0000000640 | ||
| 005 | 20000914.0 | ||
| 020 | 0 | 0 | |a 9839839438 |
| 090 | 0 | 0 | |a 345.01 |b RAJ [1996] |
| 100 | 0 | 0 | |a RAJASEGARAN K. |
| 245 | 1 | 0 | |a Criminal law |c Rajasegaran K. |
| 260 | 0 | 0 | |a Kuala Lumpur : |b Leeds Pub. , |c [1996] |
| 300 | |a viii,501 p. ; |c 22 cm. | ||
| 500 | 0 | 0 | |a Includes index |
| 650 | 0 | 0 | |a Criminal justices, Administration of |
| 650 | 0 | 0 | |a Criminal law |
| 650 | 0 | 0 | |a Criminal procedure |
| 999 | |a 0000001702 |b Monograph |c Open Shelf |e Default branch | ||